| 000 | 00631nam a2200277Ia 4500 | ||
|---|---|---|---|
| 001 | Z_4865 | ||
| 003 | CHAP | ||
| 008 | 220113s1973 xx 000 0 und d | ||
| 010 | _a167919 | ||
| 040 | _cCHAP | ||
| 082 | _a636.508 D6y | ||
| 100 |
_aDobson, C _933146 |
||
| 245 |
_aAlojamiento para las aves / _cpor C Dobson / _cy otros / _c |
||
| 260 |
_aZaragoza : _bAcribia, _c1973 |
||
| 300 | _a144 p. ; ilus. | ||
| 440 | _a | ||
| 500 | _a | ||
| 503 | _aC/E | ||
| 650 |
_aAves de corral _xJaulas y equipo _98656 |
||
| 901 | _a636.508 D6y | ||
| 902 | _aA | ||
| 910 | _a1973 | ||
| 942 | _c1 | ||
| 942 | _cc1 | ||
| 999 |
_c167919 _d167919 |
||